000 00503nam a2200145Ia 4500
008 210716s1987 xx 000 0 und d
041 _aeng
082 _a620.00420285 RAKD
100 _aRaker, Daniel; Rice, Harbert.
245 _aInside AutoCAD: teaching guide to the AutoCAD microcomputer design and drafting program
_bTeaching guide to the AutoCAD microcomputer design and drafting program
250 _a1
260 _aNew Delhi
_bBPB Publications
_c1987
300 _axii,371
650 _aAutocad
999 _c182716
_d182716